Olivia Rodrigo - Paroles traitor - Statistiques

Statistiques générales
  • Ce quiz a été pris 471 fois
  • Le résultat moyen est 299 sur 372
Statistiques - réponses
Hint Réponse % Correct
a
97%
Ah
97%
ah
97%
(Ah
97%
ah)
97%
(ah
97%
you
97%
Refrain You
97%
I
96%
and
93%
Pré-refrain And
93%
me
91%
Intro | Outro Ooh
91%
ooh
91%
so
91%
to
91%
To
91%
but
90%
But
90%
her,
90%
her
90%
we
90%
your
90%
did
89%
sorry
89%
That
89%
that
89%
traitor
89%
know
88%
still
88%
talk
88%
The
88%
the
88%
love
86%
For
85%
it
85%
It
85%
never
85%
way
85%
were
85%
you're
85%
You're
85%
feel
84%
go
84%
When
84%
Yeah,
84%
yeah
84%
betrayed
83%
didn't
83%
in
83%
together
82%
matter
81%
with
81%
2
80%
weeks
80%
took
79%
cheat
78%
date
78%
don't
78%
Don't
78%
eyes
77%
hurt,
77%
guilty
76%
always
75%
even
75%
off
75%
could
74%
Could
74%
funny
74%
funny?
74%
Guess
74%
knew
74%
Couplet 1 Brown
73%
you'll
73%
little
72%
maybe
72%
no
72%
ain't
71%
Ain't
71%
keep
71%
fell
70%
How
70%
like
70%
Before
68%
played
68%
she's
68%
bed
67%
made
66%
worst
66%
dumb
65%
fall
65%
friends?
65%
wish
65%
worse
65%
about
64%
lies
64%
said
64%
second
64%
Bridge God,
63%
new
63%
Now
63%
quiet
63%
white
63%
at
62%
called
62%
dare
62%
Loved
62%
trophy
62%
kept
61%
this
61%
All
60%
forget
60%
gave
60%
true
60%
word
60%
down
59%
look
59%
somebody
59%
was
59%
Just
58%
quickly
58%
went
58%
ran
57%
sleeping
57%
you'd
56%
You'd
56%
around
55%
paranoid
55%
Show
55%
told
55%
bring
54%
shut
54%
avoid?
53%
'Cause
53%
There's
53%
games
52%
sure
52%
twisted
52%
used
52%
through
51%
damn
50%
questions
50%
if
49%
as
46%
thought
46%
brought
44%
Remember
44%
up
44%
hell
43%
had
38%
quits?
37%
Aucun quiz correspondant
Distribution des résultats
% des personnes avec chaque résultat
Percentile par nombre de réponses
Votre historique - résultats
Vous n’avez pas pris ce quiz